| 000 | 01171nam a2200337 i 4500 | ||
|---|---|---|---|
| 001 | 10816 | ||
| 003 | KOSZ 005 | ||
| 005 | 20210317094457.0 | ||
| 008 | 080720s1965 pl a f 001 0 pol | ||
| 015 | _aPB 1965/9220 | ||
| 040 |
_aWA N _cWA N _dKOSZ 005/RW _dKOSZ 005/HR |
||
| 046 | _k1965 | ||
| 080 | _a621.9.06 | ||
| 080 | _a621.89 | ||
| 100 | 1 |
_aPetrys, Tibor _eAutor |
|
| 245 | 1 | 0 |
_aSmarowanie obrabiarek / _cTibor Petrys, Roman Śniechowski. |
| 260 |
_aWarszawa : _bWydawnictwa Naukowo-Techniczne, _c1965. |
||
| 300 |
_a192, [4] s. : _bil. ; _c23 cm. |
||
| 380 | _aKsiążki. | ||
| 388 | _a1901-2000 | ||
| 504 | _aBibliogr. s. 188-[189]. Indeks. | ||
| 521 | 8 | _aDla użytkowników, średniego i wyższego dozoru technicznego w zakładach przemysłowych i dla projektantów. | |
| 650 | 4 | _aObrabiarka | |
| 650 | 4 | _aSmarowanie | |
| 650 | 4 | _aSmary | |
| 658 | _aInżynieria i technika | ||
| 700 | 1 |
_aŚniechowski, Roman. _eAutor |
|
| 710 | 2 |
_aWydawnictwa Naukowo-Techniczne _4pbl. |
|
| 856 |
_uhttp://koha.tu.koszalin.pl/cgi-bin/koha/opac-detail.pl?biblionumber=10816 _yKatalog online BPK |
||
| 942 |
_2UKD _cKS |
||
| 999 |
_c10816 _d10816 |
||